Harry Potter Quiz (Miscellaneous) - Statistics

General Stats
  • This quiz has been taken 32 times
  • The average score is 5 of 15
Answer Stats
Question Answer % Correct
Neville goes to the Yule Ball with ___. Ginny Weasley
100%
How long does Cedric take to complete the Second Task? 1 hour, 1 minute
67%
What year is Harry in when Dennis Creevey is sorted? Fourth
67%
In which book does Harry first encounter Ravenclaw's Diadem? Half-Blood Prince
67%
Which of these people does NOT die during the Battle of Hogwarts? Ted Tonks
67%
What form does Arthur Weasley's Patronus take? Weasel
67%
What does Scabbers do on Harry and Ron's first night at Hogwarts? Chews Ron's sheets
33%
Which of the following spells does Hermione NOT use during the Battle of Hogwarts? Ferula
33%
How much, according to Slughorn, is Acromantula venom worth? 100 Galleons a pint
0%
When was the International Statute of Secrecy signed? 1689
0%
Which Educational Decree bans the formation of student organizations without the approval of the High Inquisitor? 24
0%
Which Potterwatch password does Ron successfully guess? Albus
0%
On their first train ride to Hogwarts, which Chocolate Frog card does Ron give to Harry? Morgana
0%
What type of Dragon does the Trio encounter during the Gringotts break-in? Ukrainian Ironbelly
0%
What is the wood, core, and length of the wand Ron receives in Prisoner of Azkaban? Willow, Unicorn Hair, 14"
0%
No matching quizzes found
Score Distribution
Percent of People with Each Score
Percentile by Number Answered
Your Score History
You have not taken this quiz